| 000 | 00541nam a2200229 a 4500 | ||
|---|---|---|---|
| 001 | nice12345678 | ||
| 003 | IN_TiNIC | ||
| 005 | 20260116011429.0 | ||
| 008 | 050524s1963 laha grp 000 0 urd | ||
| 020 |
_a _c100 |
||
| 082 | 0 | 0 |
_a232.3 _bMAX |
| 100 | _aMaxwell, L E | ||
| 245 | _aPaidaishi Maslub. | ||
| 260 |
_aLahore _bPunjab Religious Booksociety _c1963 |
||
| 300 | _a240p | ||
| 500 | _aincludes index and biblioraphy | ||
| 505 | 2 | _aIndex Nominvm | |
| 650 | _aAtonement | ||
| 902 | _bSRS | ||
| 942 | _cBK | ||
| 999 |
_c1463 _d1463 |
||